| 000 | 00836nam a22002297a 4500 | ||
|---|---|---|---|
| 005 | 20180630164414.0 | ||
| 010 | _aB-444788 | ||
| 020 |
_a9780195613797 _c285.00 |
||
| 035 | _aB-444788,B-90364 | ||
| 037 | _bOxford University Press | ||
| 037 | _bAllied Pub/Ven | ||
| 082 | _a301 | ||
| 100 | _aHaralambos, Michael | ||
| 245 |
_aSociology themes and persepectives / _cby Michael Haralambos with Robin Heald |
||
| 260 |
_aNew Delhi _bOxford University Press _c2011 |
||
| 270 |
_aYMCA Library Building, Jai Singh Road, _bNew Delhi _e110001 |
||
| 300 |
_axiv, 594p. p. _c24cm (pbk) |
||
| 500 | _aIncludes bibliographical references & index | ||
| 700 |
_aHeald, Robin _936424 |
||
| 942 |
_2ddc _cEN _mHAR _h301 |
||
| 999 |
_c58901 _d58901 |
||